| 000 | 00447nam a2200145 4500 | ||
|---|---|---|---|
| 001 | 125806 | ||
| 003 | ES-MaACL | ||
| 007 | t| | ||
| 008 | 070214s1908 xxk r ||||1| eng d | ||
| 100 | 1 |
_aRavenstein, Ernest Georg. _995581 |
|
| 245 | 1 | 0 |
_aMartin Behaim _b: his life and his globe / _cErnest Georg Ravenstein. |
| 260 |
_aLondon : _bGeorge Philip, _c1908. |
||
| 300 |
_a121 p., con láms. : _bil. ; _c39 cm + _emapas. |
||
| 852 |
_aES-MaACL _jB-6478 |
||
| 999 |
_c125806 _d125806 |
||